00750nam a2200253Ia 4500008004100000020001600041100002500057245001300082245006600095260001500161260002000176260000900196300001600205300002700221300001100248440001900259650003100278650002500309650002200334650002200356700000700378999001900385952009200404160803s9999 xx 000 0 und d a0 516225960 aJones, Melanie Davis aBalls /  cwritten by Melanie Davis Jones ; illustrated by Linda Bronson aNew York : bScholastic Inc. c2011 a23 pages :  bcolor illustrations ;  c19 cm. aRookie reader. aBalls (Sporting goods) --  aStories in rhyme --  xJuvenile fiction. xJuvenile fiction. aBR c299445d299445 001040aSSISBbSSISBcLEXd2016-08-03l0pSC-1371r2016-08-03 00:00:00w2016-08-03yBK